| 000 | 00656nam a2200193Ia 4500 | ||
|---|---|---|---|
| 005 | 20250508160735.0 | ||
| 008 | 008 250505s9999 xx 000 0 eng d | ||
| 037 | _aBooks to be hide in OPAC | ||
| 040 |
_aFEDL _beng _cFEDL |
||
| 041 |
_aeng _2eng |
||
| 084 |
_a010, IND/O _qFEDL |
||
| 100 |
_aSher Singh Co. _9659019 |
||
| 245 | 0 | _aIndian books in print 1972: A bibliography of Indian books published upto december, 1971 in english language. Vol 3 | |
| 260 |
_aDelhi, India _bIndian Bureau of Bibliographies _c1969 |
||
| 300 | _axxii,581p. | ||
| 700 |
_a S. N. Sadhu Co. _9769253 |
||
| 942 |
_cHB _h010, IND/O |
||
| 999 |
_c1366349 _d1366349 |
||